| 000 | 00974cam a2200313 4500 | ||
|---|---|---|---|
| 999 |
_c32823 _d32823 |
||
| 001 | 4137114 | ||
| 003 | ARRUPE | ||
| 005 | 20170720073759.0 | ||
| 008 | 711119s1971 enkabe b 001 0 eng | ||
| 010 | _a 76862833 | ||
| 015 | _aB71-16820 | ||
| 020 | _a0500020736 | ||
| 040 |
_aDLC _cDLC _dDLC |
||
| 043 | _ae-gr--- | ||
| 050 | 0 | 0 |
_aDF261.C8 _bH66 1971b |
| 082 | 0 | 0 | _a913.39/18/031 |
| 100 | 1 |
_aHood, Sinclair. _928900 |
|
| 245 | 1 | 4 | _aThe Minoans: Crete in the Bronze Age. |
| 260 |
_aLondon, _bThames and Hudson, _c1971. |
||
| 300 |
_a239 p., _billus., maps, plans. _c21 cm. |
||
| 350 | _a£3.50 | ||
| 490 | 0 | _aAncient peoples and places, v. 75 | |
| 504 | _aBibliography: p. 164-168. | ||
| 650 | 0 |
_aMinoans. _933447 |
|
| 650 | 0 |
_aBronze age _zGreece _zCrete. _933448 |
|
| 651 | 0 |
_aCrete (Greece) _xAntiquities. _933449 |
|
| 906 |
_a7 _bcbc _corignew _d3 _encip _f19 _gy-gencatlg |
||
| 942 |
_2lcc _cMONOGRAPH |
||